Railway seminars : the interaction of vehicle and track design : delegate information.

This title is part of the ICE Publishing complete digital collection - helping ensure access to essential engineering content from past to present. Proceedings of a seminar held in Solihull on 20 May 1998.

Bibliographic Details
Corporate Author: Institution of Civil Engineers (Great Britain)
Format: eBook
Language:English
Published: London : Thomas Telford, 1998.
Subjects:
Online Access:Connect to the full text of this electronic book

MARC

Tag First Indicator Second Indicator Subfields
LEADER 00000nam a2200000 a 4500
001 in00004563921
006 m||||||||d||||||||
007 cr |||||||||||
008 110922s1998 enk fo| 100|0|eng|d
005 20241017192207.6
020 |a 9780727742964 (ebook) :  |c No price 
035 |a (StDuBDS)EDZ0000038953 
040 |a StDuBDS  |b eng  |c StDuBDS  |e pn 
050 4 |a TF5 
082 0 4 |a 625.100941  |2 23 
245 0 0 |a Railway seminars :  |b the interaction of vehicle and track design : delegate information. 
260 |a London :  |b Thomas Telford,  |c 1998. 
300 |a 1 online resource (1 volume (various pagings)) 
336 |a text  |b txt  |2 rdacontent 
337 |a computer  |b c  |2 rdamedia 
338 |a online resource  |b cr  |2 rdacarrier 
520 8 |a This title is part of the ICE Publishing complete digital collection - helping ensure access to essential engineering content from past to present. Proceedings of a seminar held in Solihull on 20 May 1998. 
521 |a Specialized. 
588 |a Description based on print version record. 
650 0 |a Railroad engineering  |v Congresses. 
655 7 |a Electronic books.  |2 local 
710 2 |a Institution of Civil Engineers (Great Britain) 
856 4 0 |u http://proxy.library.tamu.edu/login?url=https://www.icevirtuallibrary.com/doi/book/10.1680/rs1998v1.42964  |z Connect to the full text of this electronic book  |t 0 
955 |a Institution of Civil Engineers (ICE) 2021 Complete eBook Collection. 
999 f f |s efce619f-56bf-4b3a-890f-110b24e759b3  |i efce619f-56bf-4b3a-890f-110b24e759b3  |t 0 
952 f f |a Texas A&M University  |b College Station  |c Electronic Resources  |d Available Online  |t 0  |e TF5   |h Library of Congress classification 
998 f f |a TF5   |t 0  |l Available Online